000 00287nam a22001337a 4500
008 181003b xxu||||| |||| 00| 0 eng d
020 _a9780897214261
041 _aeng
080 _a574
100 _a9
101 _aMJE
245 _aVines and Climbers
_cThomas,R.W
942 _2udc
_cBK
999 _c48833
_d48833